"All about that bass" lyrics - Statistics

General Stats
  • This quiz has been taken 97 times
  • The average score is 7 of 11
Answer Stats
Hint Answer % Correct
Because you know i'm all about that bass
95%
Bout that bass, no treble
88%
I'm all 'bout that bass, 'bout that bass, no treble
88%
All the right junk in all the right places
75%
But I can shake it, shake it like i'm supposed to do
70%
Yeah it's pretty clear, I ain't no size two
63%
So, if that's what's you're into then go ahead and move along
49%
Because you know i'm all about that bass, bout that bass
44%
'Cause I got that boom boom that all the boys chase
43%
You know I won't be no stick-figure, silicone barbie doll
41%
No treble i'm all about that bass, bout that bass no treble
14%
No matching quizzes found
Score Distribution
Percent of People with Each Score
Percentile by Number Answered
Your Score History
You have not taken this quiz